Score 0/18 Timer 03:00
1 Play Today
Movie Word % Correct
______ Dollar BabyMillion
99.7%
To Kill A _____Mockingbird
97.3%
No Country for Old ___Men
96.1%
Slumdog _______Millionaire
95.5%
The _____ : ReloadedMatrix
89.2%
Full _____ JacketMetal
88.9%
________, Inc.Monsters
88.2%
For a Few Dollars ____More
86.2%
The Third ___Man
81.2%
Movie Word % Correct
Dial M for _______Murder
79.8%
The Green ____Mile
79.4%
Eternal Sunshine of the Spotless ____Mind
78.7%
The ________ CandidateManchurian
66.4%
The ______ FalconMaltese
61.5%
The Treasure of the Sierra _____Madre
53.4%
Twelve ______Monkeys
45.3%
______ TimesModern
40.9%
Howl's _______ CastleMoving
25.9%

Today's Daily Dose

Remove Ads.
Support Sporcle.
Get the best of Sporcle when you Go Orange. This ad-free experience offers more features, more stats, and more fun while also helping to support Sporcle. Thank you for becoming a member.

You're not logged in!

Compare scores with friends on all Sporcle quizzes.
OR
Log In

Show Comments

Extras

Top Quizzes Today


Score Distribution

Your Account Isn't Verified!

In order to create a playlist on Sporcle, you need to verify the email address you used during registration. Go to your Sporcle Settings to finish the process.

Report this User

Report this user for behavior that violates our Community Guidelines.

Details: